Elements of modern ship construction/ (Record no. 60650)
[ view plain ]
| 000 -LEADER | |
|---|---|
| fixed length control field | 00727nam a22002057a 4500 |
| 003 - CONTROL NUMBER IDENTIFIER | |
| control field | NUST-PNEC |
| 005 - DATE AND TIME OF LATEST TRANSACTION | |
| control field | 20170116180704.0 |
| 008 - FIXED-LENGTH DATA ELEMENTS--GENERAL INFORMATION | |
| fixed length control field | 140916b xxu||||| |||| 00| 0 eng d |
| 020 ## - INTERNATIONAL STANDARD BOOK NUMBER | |
| International Standard Book Number | 0851748147 |
| 020 ## - INTERNATIONAL STANDARD BOOK NUMBER | |
| International Standard Book Number | 9780851748146 |
| 040 ## - CATALOGING SOURCE | |
| Transcribing agency | PNEC |
| 082 ## - DEWEY DECIMAL CLASSIFICATION NUMBER | |
| Classification number | 623.82 HOU |
| 100 ## - MAIN ENTRY--PERSONAL NAME | |
| 9 (RLIN) | 289 |
| Personal name | House, D.J. |
| 245 ## - TITLE STATEMENT | |
| Title | Elements of modern ship construction/ |
| Statement of responsibility, etc. | D.J. House |
| 260 ## - PUBLICATION, DISTRIBUTION, ETC. | |
| Place of publication, distribution, etc. | Glasgow |
| Name of publisher, distributor, etc. | Brown, Son & Ferguson Ltd (March 19, 2010) |
| Date of publication, distribution, etc. | c2010. |
| 300 ## - PHYSICAL DESCRIPTION | |
| Extent | xxxiv, 336 p. : |
| Other physical details | ill. : |
| Dimensions | 30 cm. |
| 500 ## - GENERAL NOTE | |
| General note | Includes Index http://www.amazon.com/Elements-Modern-Construction-David-House/dp/0851748147/ref=sr_1_1?s=books&ie=UTF8&qid=1410849728&sr=1-1&keywords=9780851748146 |
| 650 ## - SUBJECT ADDED ENTRY--TOPICAL TERM | |
| General subdivision | ship construction, ME |
| 942 ## - ADDED ENTRY ELEMENTS (KOHA) | |
| Source of classification or shelving scheme | |
| Koha item type | Book |
| Withdrawn status | Lost status | Source of classification or shelving scheme | Damaged status | Not for loan | Permanent Location | Current Location | Shelving location | Date acquired | Source of acquisition | Cost, normal purchase price | Total Checkouts | Full call number | Barcode | Date last seen | Cost, replacement price | Price effective from | Koha item type |
|---|---|---|---|---|---|---|---|---|---|---|---|---|---|---|---|---|---|
| Pakistan Navy Engineering College (PNEC) | Pakistan Navy Engineering College (PNEC) | Reference | 03/30/2010 | Progressive International Agency | 12580.00 | 623.82 HOU | PNECLIB-031217 | 09/16/2014 | 12580.00 | 03/30/2010 | Book |
